| 000 | 00420nam a22001457a 4500 | ||
|---|---|---|---|
| 020 | _a978-9694190177 | ||
| 082 |
_a891.43907 _bMUS |
||
| 245 |
_aKhakam Badahan _bBy: Mashtaq , Ahmed Yousafi |
||
| 260 |
_aکراچی: _bپاکستان پبلشنگ ہاؤس, _c2019 |
||
| 300 | _a194p.; | ||
| 563 | _aHB | ||
| 880 |
_6100-01\r _aمشتاق احمد یوسفی |
||
| 880 |
_6245-02\r _aخاکم بدہن |
||
| 942 |
_2ddc _cBK |
||
| 999 |
_c613195 _d613195 |
||